| 000 | 00530nam a2200205Ia 4500 | ||
|---|---|---|---|
| 003 | GCL | ||
| 008 | 140319s9999 xx 000 0 eng d | ||
| 040 |
_aGCL / _cGCL |
||
| 082 | 0 | 4 |
_a821.1 _bB R |
| 100 | 1 | _aBOWDEN, MURIEL | |
| 245 | 1 | 0 |
_aA READER'S GUIDE TO GEOFFREY CHAUCER / _cBOWDEN, MURIEL |
| 260 |
_a[S.N] : _bTHAMES AND HUDSON ، _c1988 |
||
| 300 | _a212 | ||
| 650 | 0 | 4 | _aENGLISH POETRY |
| 650 | 0 | 4 | _aENGLISH LITERATURE |
| 650 | 0 | 4 | _aLITERATURE |
| 650 | 0 | 4 | _aCHAUCER, GEOFFERY |
| 650 | 0 | 4 | _aPOETRY |
| 942 |
_2ddc _cBK |
||
| 999 |
_c25438 _d25438 |
||